00191nam a2200073Ia 4500082001400000245002200014100004000036008004100076 aJ 535 BEN 0aLight and colour  a BENNETT, Nigel Melbourne, 1990 210817s9999 xx 000 0 und d